000 00459nmm a2200181Ia 4500
008 251105s9999||||xx |||||||||||||||||und||
041 _aspa
100 _aJones, Julie
245 0 _aEntre los árboles
264 _a[Madrid, España] :
_bSaga Egmont,
_c2019
300 _a0 páginas
490 _aLUST
650 _aErotic novel
700 _aJones, Julie
700 1 _a Lust
856 _uhttps://public.digitaliapublishing.com/a/99142
942 _cCF
999 _c67292
_d67292